00433pab a2200145 454500008004000000100001900040245008600059260000900145300001300154362001100167650003200178650002300210650002000233773003400253180718b2011 xxu||||| |||| 00| 0 eng d aMeng, Lee Link aPoverty and climate change in Malaysia: Expect surprise in the next hundred years c2011 ap.45-62. aAutumn a Climatic change - Malaysia aPoverty - Malaysia aClimatic change aRegional Development Dialogue